| 000 | 01174cam a2200217 4500 | ||
|---|---|---|---|
| 001 | WB3839-15 | ||
| 008 | 021022n2002 000 0 eng u | ||
| 035 | _a(Sirsi) u120211 | ||
| 245 | _aIncentives to shake-up benefit | ||
| 260 | _c2002 | ||
| 490 |
_aRICS Residential Faculty News _v 17 October 2002, (1) |
||
| 520 | _aSubstantial reform in benefit is proposed which will give tenants more choice about their housing needs. Government is intending to halve the time it takes councils to process claims and introduce shopping incentives to encourage claimants to look for lower rents. The scheme will be piloted in ten areas of the country before being rolled out across the UK. For the Residential Faculty News Release: http://www.rics.org/ricscms/bin/show?class=News&template=/includes/shownews.html&id=3954 For the Department for Work and Pensions News Release: http://www.dwp.gov.uk/mediacentre/pressreleases/2002/oct/fram1710-hbref.htm | ||
| 590 | _aWB | ||
| 650 | _aHOUSING BENEFIT | ||
| 650 | _aSHOPPING INCENTIVES | ||
| 650 | _aPILOT SCHEME | ||
| 650 | _aPRIVATE RENTED SECTOR | ||
| 650 |
_aLANDLORD AND TENANT _96252 |
||
| 690 | _aHOUSING | ||
| 942 | _n0 | ||
| 999 |
_c71409 _d71409 |
||